[Event "ISR-chT U14"]
[Site "Afula"]
[Date "2022.08.21"]
[Round "2"]
[White "Brenner, Bar"]
[Black "Shilon Rahav, Eliran"]
[Result "1-0"]
[WhiteElo "1257"]
[BlackElo "1883"]
[PlyCount "109"]
[EventDate "2022.08.21"]
[EventType "team-tourn"]
[EventRounds "9"]
[EventCountry "ISR"]
[SourceTitle "CBM 210 Extra"]
[Source "ChessBase"]
[SourceDate "2022.11.30"]
[SourceVersion "1"]
[SourceVersionDate "2022.11.30"]
[SourceQuality "1"]

1. e4 c5 2. Nf3 Nc6 3. d4 cxd4 4. Nxd4 Nf6 5. Nc3 e5 6. Ndb5 d6 7. Nd5 Nxd5 8. exd5 Ne7 9. c4 a6 10. Qa4 axb5 11. Qxa8 Qc7 12. Bd2 bxc4 13. Qa4+ Bd7 14. Qxc4 Qb6 15. Bd3 g6 16. 0-0 Bg7 17. Rfc1 Qxb2 18. Bb4 b5 19. Qh4 Nxd5 20. Rab1 Qd4 21. Qxd4 exd4 22. Bxd6 Nc3 23. Re1+ Kd8 24. Rb2 Re8 25. Kf1 Bf5 26. Rxe8+ Kxe8 27. Bxf5 gxf5 28. Bc5 d3 29. Be3 f4 30. Bxf4 Nd5 31. Be5 f6 32. Rxb5 Ne7 33. Bc3 Kd7 34. Rb7+ Ke6 35. a4 Nd5 36. Bd2 Bf8 37. a5 Kd6 38. Rxh7 Kc6 39. Rh3 Bb4 40. Rxd3 Bc5 41. h4 Ne7 42. h5 Kb5 43. h6 Ng6 44. h7 f5 45. Rg3 Nh8 46. Bc3 f4 47. Rg5 Ka6 48. Bxh8 f3 49. Bc3 fxg2+ 50. Kxg2 Bd4 51. Bxd4 Kb7 52. h8Q Kc7 53. Qf6 Kd7 54. Rg7+ Ke8 55. Qe7# 1-0